书目信息 |
| 题名: |
教育法律纠纷案例与实务
|
|
| 作者: | 卢珺 编著 | |
| 分册: | ||
| 出版信息: | 北京 清华大学出版社 2018 |
|
| 页数: | 217页 | |
| 开本: | 26cm | |
| 丛书名: | 法律专家案例与实务指导丛书 | |
| 单 册: | ||
| 中图分类: | D922.165 | |
| 科图分类: | ||
| 主题词: | 教育法--民事纠纷--案例--中国 | |
| 电子资源: | ||
| ISBN: | 978-7-302-49376-1 | |
| 000 | 00890oam2 2200253 450 | |
| 001 | 012001000848 | |
| 005 | 20140920091302.0 | |
| 010 | @a978-7-302-49376-1@dCNY45.00 | |
| 100 | @a20180714d2018 em y0chiy50 ea | |
| 101 | 0 | @achi |
| 102 | @aCN@b110000 | |
| 105 | @ay zn 000yy | |
| 106 | @ar | |
| 200 | 1 | @a教育法律纠纷案例与实务@9Jiao Yu Fa Lv Jiu Fen An Li Yu Shi Wu@f卢珺编著 |
| 210 | @a北京@c清华大学出版社@d2018 | |
| 215 | @a217页@d26cm | |
| 225 | 2 | @a法律专家案例与实务指导丛书 |
| 330 | @a本书采取以案说法的方式对教育领域常见法律纠纷进行了详细分析,以学生“入学”“在校”以及“毕业”为主线,结合经典案例的展示与分析,探讨教育纠纷案件的焦点问题。 | |
| 461 | 0 | @12001 @a法律专家案例与实务指导丛书 |
| 606 | 0 | @a教育法@x民事纠纷@x案例@y中国 |
| 690 | @aD922.165@v5 | |
| 701 | 0 | @a卢珺@9Lu Jun@4编著 |
| 801 | 0 | @aCN@b上海新华@c20180901 |
| 905 | @b1042365-69@dD922.165@e1888@f5 | |
| 教育法律纠纷案例与实务/卢珺编著.-北京:清华大学出版社,2018 |
| 217页;26cm.-(法律专家案例与实务指导丛书) |
| ISBN 978-7-302-49376-1:CNY45.00 |
| 本书采取以案说法的方式对教育领域常见法律纠纷进行了详细分析,以学生“入学”“在校”以及“毕业”为主线,结合经典案例的展示与分析,探讨教育纠纷案件的焦点问题。 |
| ● |
| 相关链接 |
|
|
|
|
正题名:教育法律纠纷案例与实务
索取号:D922.165/1888
 
预约/预借
| 序号 | 登录号 | 条形码 | 馆藏地/架位号 | 状态 | 备注 |
| 1 | 1042365 | 210423656 | 第一样本阅览室/ [索取号:D922.165/1888] | 在馆 | |
| 2 | 1042366 | 210423665 | 第一借阅区/ [索取号:D922.165/1888] | 在馆 | |
| 3 | 1042367 | 210423674 | 第一借阅区/ [索取号:D922.165/1888] | 在馆 | |
| 4 | 1042368 | 210423683 | 第一借阅区/ [索取号:D922.165/1888] | 在馆 | |
| 5 | 1042369 | 210423692 | 密集书库-史法系/ [索取号:D922.165/1888] | 在馆 |